[Event "Caioba op 7th"]
[Site "Caioba"]
[Date "2023.06.21"]
[Round "5"]
[White "Loss, Victor Pinheiro Cos"]
[Black "De Carvalho, Amauri"]
[Result "1-0"]
[WhiteElo "1457"]
[BlackElo "1214"]
[PlyCount "93"]
[EventDate "2023.06.18"]
[EventType "swiss"]
[EventRounds "9"]
[EventCountry "BRA"]
[SourceTitle "CBM 214 Extra"]
[Source "ChessBase"]
[SourceDate "2023.07.31"]
[SourceVersion "1"]
[SourceVersionDate "2023.07.31"]
[SourceQuality "1"]

1. e4 d6 2. d4 Nf6 3. Nc3 c6 4. Bc4 Nbd7 5. Nf3 h6 6. h3 b5 7. Bd3 e5 8. Qe2 a6 9. 0-0 Be7 10. dxe5 dxe5 11. Nd1 Bb7 12. c4 Qc7 13. Ne3 Nc5 14. Nf5 0-0 15. Bc2 Ne6 16. Nxe5 Bd6 17. Nxd6 Qxd6 18. Nxf7 Nf4 19. Nxd6 Nxe2+ 20. Kh1 Rab8 21. Nxb7 Rxb7 22. Be3 Nh5 23. Kh2 g5 24. cxb5 cxb5 25. Bb3+ Kh8 26. g3 a5 27. Bd5 Rg7 28. Rfe1 Nef4 29. gxf4 gxf4 30. Bd4 Nf6 31. Rg1 Rxg1 32. Rxg1 Kh7 33. Bxf6 Rxf6 34. e5 Rf8 35. e6 Re8 36. Re1 Re7 37. Re4 Kg6 38. Rxf4 Kg5 39. Rf7 Re8 40. f4+ Kg6 41. f5+ Kg5 42. Kg3 h5 43. h4+ Kh6 44. f6 Rd8 45. Rd7 Rg8+ 46. Rg7 Rd8 47. Be4 1-0

[Event "Parana-ch"]
[Site "Maringa"]
[Date "2019.12.14"]
[Round "5"]
[White "Silva, Richard Santana"]
[Black "Loss, Victor Pinheiro Cos"]
[Result "1-0"]
[WhiteElo "1515"]
[BlackElo "1468"]
[PlyCount "59"]
[EventDate "2019.12.12"]
[EventType "swiss"]
[EventRounds "7"]
[EventCountry "BRA"]
[SourceTitle "CBM 193 Extra"]
[Source "ChessBase"]
[SourceDate "2020.01.31"]
[SourceVersion "1"]
[SourceVersionDate "2020.01.31"]
[SourceQuality "1"]

1. c4 e6 2. Nc3 d5 3. d4 Nf6 4. cxd5 exd5 5. Nf3 c6 6. Bf4 Be7 7. h3 0-0 8. e3 Nbd7 9. Bd3 Re8 10. Qc2 Nf8 11. Ng5 h6 12. Nf3 Ne6 13. Bh2 c5 14. dxc5 d4 15. exd4 Bxc5 16. 0-0 Bxd4 17. Rad1 a6 18. Ne2 Bb6 19. Bh7+ Nxh7 20. Rxd8 Rxd8 21. Rd1 Bd7 22. Nc3 Rac8 23. Ne5 Nd4 24. Qe4 Bf5 25. Qxb7 Ba5 26. Qxf7+ Kh8 27. Rxd4 Rxd4 28. Qxf5 Rxc3 29. Ng6+ Kg8 30. Qe6# 1-0

[Event "Florianopolis Winter op 5th"]
[Site "Florianopolis"]
[Date "2019.09.01"]
[Round "6"]
[White "Perondi, Rodolfo Antonio"]
[Black "Loss, Victor Pinheiro Cos"]
[Result "1-0"]
[WhiteElo "1887"]
[BlackElo "1446"]
[PlyCount "70"]
[EventDate "2019.08.30"]
[EventType "swiss"]
[EventRounds "7"]
[EventCountry "BRA"]
[SourceTitle "EXT 2020"]
[Source "ChessBase"]
[SourceDate "2019.10.17"]
[SourceVersion "1"]
[SourceVersionDate "2019.10.17"]
[SourceQuality "1"]

1. e4 c5 2. Nf3 g6 3. d4 cxd4 4. Nxd4 Bg7 5. Nc3 Nc6 6. Be3 Nf6 7. Nb3 0-0 8. Be2 d6 9. f4 Bd7 10. g4 Rc8 11. g5 Ne8 12. Qd2 a6 13. Nd5 Bxb2 14. Rb1 Bg7 15. Bb6 Nc7 16. Na5 Nxd5 17. exd5 Nxa5 18. Bxd8 Bc3 19. Bxa5 Bxd2+ 20. Bxd2 Rxc2 21. Rxb7 Bf5 22. Bf3 Rxa2 23. Rxe7 Rb8 24. Re3 Kf8 25. Bc1 Rc8 26. Ba3 Ra1+ 27. Kf2 Ra2+ 28. Kg3 Rd8 29. Rhe1 a5 30. h4 a4 31. h5 gxh5 32. Bxh5 Bg6 33. Bg4 Bc2 34. Bb4 Bb3 35. Bf3 Rd2 1-0

[Event "Florianopolis Winter op 5th"]
[Site "Florianopolis"]
[Date "2019.08.31"]
[Round "5"]
[White "Loss, Victor Pinheiro Cos"]
[Black "Juliano, Joao Carlos Mazzini"]
[Result "1-0"]
[WhiteElo "1446"]
[BlackElo "1918"]
[PlyCount "87"]
[EventDate "2019.08.30"]
[EventType "swiss"]
[EventRounds "7"]
[EventCountry "BRA"]
[SourceTitle "EXT 2020"]
[Source "ChessBase"]
[SourceDate "2019.10.17"]
[SourceVersion "1"]
[SourceVersionDate "2019.10.17"]
[SourceQuality "1"]

1. e4 e5 2. Nf3 Nf6 3. Nxe5 d6 4. Nf3 Nxe4 5. Qe2 Qe7 6. d3 Nf6 7. Bg5 Qxe2+ 8. Bxe2 Be7 9. Nc3 0-0 10. 0-0 h6 11. Bd2 Nc6 12. Nb5 Bd8 13. Nbd4 Nxd4 14. Nxd4 Bd7 15. Ba5 c6 16. Bxd8 Raxd8 17. Bf3 Rfe8 18. Rfe1 Kf8 19. Kf1 Rxe1+ 20. Rxe1 Re8 21. Rxe8+ Kxe8 22. h3 Ke7 23. Ke2 c5 24. Nb3 b6 25. Nd2 d5 26. Nf1 Kd6 27. Ne3 Ke5 28. Kd2 Be6 29. Be2 d4 30. Nc4+ Bxc4 31. dxc4 Ne4+ 32. Ke1 f5 33. Kf1 f4 34. Ke1 Ng5 35. h4 Ne4 36. Bf3 g5 37. Bxe4 Kxe4 38. hxg5 hxg5 39. Ke2 g4 40. f3+ gxf3+ 41. gxf3+ Kf5 42. a3 a6 43. b4 cxb4 44. axb4 1-0

[Event "Florianopolis Winter op 5th"]
[Site "Florianopolis"]
[Date "2019.08.31"]
[Round "3"]
[White "Loss, Victor Pinheiro Cos"]
[Black "Volkmann, Andre Jordi"]
[Result "0-1"]
[WhiteElo "1446"]
[BlackElo "2022"]
[PlyCount "38"]
[EventDate "2019.08.30"]
[EventType "swiss"]
[EventRounds "7"]
[EventCountry "BRA"]
[SourceTitle "EXT 2020"]
[Source "ChessBase"]
[SourceDate "2019.10.17"]
[SourceVersion "1"]
[SourceVersionDate "2019.10.17"]
[SourceQuality "1"]

1. e4 c6 2. d4 d5 3. exd5 cxd5 4. Bd3 Nc6 5. c3 Qc7 6. Ne2 e6 7. Bf4 Bd6 8. Bxd6 Qxd6 9. Nd2 Nf6 10. Ng3 0-0 11. Nh5 e5 12. Nxf6+ Qxf6 13. dxe5 Nxe5 14. Be2 Qg5 15. g3 Re8 16. 0-0 Bg4 17. Nf3 Qh5 18. Nd4 Bxe2 19. Nxe2 Nf3+ 0-1

[Event "Paranaense-ch U20"]
[Site "Pirai do Sul"]
[Date "2019.07.14"]
[Round "5.5"]
[White "De Oliveira, Wythor Rogerio"]
[Black "Loss, Victor Pinheiro Cos"]
[Result "1-0"]
[WhiteElo "1463"]
[BlackElo "1441"]
[PlyCount "47"]
[EventDate "2019.07.12"]
[EventType "swiss"]
[EventRounds "6"]
[EventCountry "BRA"]
[SourceTitle "EXT 2022"]
[Source "ChessBase"]
[SourceDate "2021.10.06"]
[SourceVersion "1"]
[SourceVersionDate "2021.10.06"]
[SourceQuality "1"]

1. e4 e6 2. d4 d5 3. exd5 exd5 4. Bd3 Bd6 5. c3 Ne7 6. Qc2 Bg4 7. Be3 c6 8. Nd2 Qc7 9. h3 Bh5 10. Ne2 Nd7 11. Rf1 Bg6 12. 0-0-0 a6 13. f4 Bxd3 14. Qxd3 0-0-0 15. Nf3 Nf6 16. Ne5 Rhf8 17. Ng3 Rde8 18. Rde1 Ng6 19. Nf5 Nh5 20. Nxd6+ Qxd6 21. Qf5+ Re6 22. Qxh5 Nxf4 23. Bxf4 Rf6 24. Ng4 1-0

[Event "Concordia op 5th"]
[Site "Concordia"]
[Date "2019.05.05"]
[Round "9"]
[White "Loss, Victor Pinheiro Cos"]
[Black "Straubell, Sergio Silveira"]
[Result "0-1"]
[WhiteElo "1397"]
[BlackElo "1723"]
[PlyCount "48"]
[EventDate "2019.05.01"]
[EventType "swiss"]
[EventRounds "9"]
[EventCountry "BRA"]
[SourceTitle "CBM 190 Extra"]
[Source "ChessBase"]
[SourceDate "2019.07.15"]
[SourceVersion "1"]
[SourceVersionDate "2019.07.15"]
[SourceQuality "1"]

1. e4 c6 2. d4 d5 3. exd5 cxd5 4. Bd3 Nf6 5. c3 Nc6 6. Bf4 Qb6 7. Qb3 Qxb3 8. axb3 Bg4 9. f3 Bh5 10. Ne2 e6 11. Bb5 Bg6 12. Nd2 Be7 13. Ra6 Kd7 14. Bxc6+ bxc6 15. Kf2 Bd3 16. c4 Nh5 17. Rha1 Rhc8 18. Rxa7+ Rxa7 19. Rxa7+ Ke8 20. c5 Bxe2 21. Bd6 Bxd6 22. cxd6 Rd8 23. Kxe2 Rxd6 24. g4 Nf4+ 0-1

[Event "Concordia op 5th"]
[Site "Concordia"]
[Date "2019.05.02"]
[Round "3"]
[White "Loss, Victor Pinheiro Cos"]
[Black "Soares, Gustavo Henrique"]
[Result "0-1"]
[WhiteElo "1397"]
[BlackElo "1781"]
[PlyCount "48"]
[EventDate "2019.05.01"]
[EventType "swiss"]
[EventRounds "9"]
[EventCountry "BRA"]
[SourceTitle "CBM 190 Extra"]
[Source "ChessBase"]
[SourceDate "2019.07.15"]
[SourceVersion "1"]
[SourceVersionDate "2019.07.15"]
[SourceQuality "1"]

1. d3 d5 2. e4 dxe4 3. dxe4 Qxd1+ 4. Kxd1 e5 5. Nf3 f6 6. Be3 Be6 7. Nbd2 Nd7 8. c3 a5 9. Bd3 0-0-0 10. Ke2 Bc5 11. Rhd1 Bxe3 12. Kxe3 Ne7 13. Bb5 Bf7 14. Bc4 Bg6 15. Be6 Kb8 16. b4 axb4 17. cxb4 Nc6 18. Nb3 Nxb4 19. Rd2 Nb6 20. Rad1 Rde8 21. Bd5 N4xd5+ 22. exd5 Nc4+ 23. Ke2 Nxd2 24. Rxd2 Rd8 0-1

[Event "Parana-ch"]
[Site "Curitiba"]
[Date "2018.11.24"]
[Round "4"]
[White "Silva, Janderson Rossi Da"]
[Black "Loss, Victor Pinheiro Cos"]
[Result "1-0"]
[WhiteElo "1868"]
[BlackElo "1422"]
[PlyCount "127"]
[EventDate "2018.11.22"]
[EventType "swiss"]
[EventRounds "7"]
[EventCountry "BRA"]
[SourceTitle "CBM 187 Extra"]
[Source "ChessBase"]
[SourceDate "2018.11.04"]
[SourceVersion "1"]
[SourceVersionDate "2018.11.04"]
[SourceQuality "1"]

1. e4 c5 2. Nf3 g6 3. d4 cxd4 4. Qxd4 Nf6 5. Bb5 Nc6 6. Bxc6 dxc6 7. Qxd8+ Kxd8 8. Nc3 Bg4 9. Bf4 Bxf3 10. gxf3 Bg7 11. Rd1+ Kc8 12. Be5 Rd8 13. Ke2 b6 14. f4 Kb7 15. f3 Bh6 16. Bxf6 exf6 17. Ke3 Kc7 18. Rd3 Re8 19. Rhd1 Rad8 20. Rxd8 Rxd8 21. Rxd8 Kxd8 22. Ne2 Bf8 23. f5 Bc5+ 24. Kd3 Bd6 25. h3 g5 26. a4 Kd7 27. Kc4 Be5 28. b3 Bd6 29. Nc1 h5 30. b4 Bh2 31. Nd3 Bg1 32. Kb3 a6 33. c4 c5 34. b5 a5 35. Kc2 Bd4 36. Kd2 Ke7 37. Ke2 Kf8 38. Kf1 Kg7 39. Kg2 Kh6 40. Kg3 Be5+ 41. Kg2 Bf4 42. Nf2 Kg7 43. Nd1 Bd2 44. Kf2 Kh6 45. Ke2 Bf4 46. Nc3 Bc7 47. Nd5 Bd8 48. Kf2 Kg7 49. Kg3 Kf8 50. f4 Ke8 51. e5 fxe5 52. fxe5 Kd7 53. Kf3 Bc7 54. Ke4 Bd8 55. Ne3 g4 56. hxg4 h4 57. Kf4 Bc7 58. Nd5 Bxe5+ 59. Kxe5 h3 60. Nf6+ Ke7 61. Ne4 h2 62. Nf2 f6+ 63. Kd5 Kd7 64. Nh1 1-0

[Event "Parana-ch"]
[Site "Curitiba"]
[Date "2018.11.22"]
[Round "1"]
[White "Loss, Victor Pinheiro Cos"]
[Black "Chemin, Vitorio"]
[Result "0-1"]
[WhiteElo "1422"]
[BlackElo "2116"]
[PlyCount "76"]
[EventDate "2018.11.22"]
[EventType "swiss"]
[EventRounds "7"]
[EventCountry "BRA"]
[SourceTitle "CBM 187 Extra"]
[Source "ChessBase"]
[SourceDate "2018.11.04"]
[SourceVersion "1"]
[SourceVersionDate "2018.11.04"]
[SourceQuality "1"]

1. e4 c5 2. Nc3 Nc6 3. f4 d6 4. Nf3 g6 5. Bb5 Bg7 6. Bxc6+ bxc6 7. 0-0 e6 8. d3 Ne7 9. Be3 Rb8 10. Qc1 Qa5 11. Bd2 Qb6 12. e5 d5 13. Na4 Qb5 14. b3 c4 15. Nc3 Qa6 16. dxc4 0-0 17. cxd5 cxd5 18. Nd4 f6 19. f5 fxe5 20. Nxe6 Bxe6 21. fxe6 Qxe6 22. Rxf8+ Rxf8 23. Qa3 Qb6+ 24. Kh1 Qf2 25. Qc1 e4 26. Be3 Qf6 27. Nxd5 Nxd5 28. Rb1 Nxe3 29. Qxe3 Qf1+ 30. Rxf1 Rxf1+ 31. Qg1 Rxg1+ 32. Kxg1 Kf7 33. Kf2 Ke6 34. Ke2 Bc3 35. a3 a5 36. a4 Ke5 37. g3 g5 38. Ke3 g4 0-1

[Event "Curitiba IEP&Copel op"]
[Site "Curitiba"]
[Date "2017.05.14"]
[Round "5"]
[White "Mesquita, Arnaldo Leite"]
[Black "Loss, Victor Pinheiro Cos"]
[Result "1/2-1/2"]
[WhiteElo "1715"]
[BlackElo "1420"]
[PlyCount "115"]
[EventDate "2017.05.12"]
[EventType "swiss"]
[EventRounds "6"]
[EventCountry "BRA"]
[SourceTitle "CBM 178 Extra"]
[Source "ChessBase"]
[SourceDate "2017.06.22"]
[SourceVersion "1"]
[SourceVersionDate "2017.06.22"]
[SourceQuality "1"]

1. e4 c5 2. b4 cxb4 3. a3 bxa3 4. Bxa3 Nc6 5. Bc4 Nf6 6. Nc3 d6 7. Nge2 g6 8. 0-0 Bg7 9. Rb1 0-0 10. d4 a6 11. Bb3 Bd7 12. f4 Bg4 13. Qd3 Bxe2 14. Nxe2 d5 15. exd5 Nxd5 16. c4 Nc7 17. d5 b5 18. Bc5 Na5 19. Ba2 Nxc4 20. Bxc4 bxc4 21. Qxc4 Qxd5 22. Qb4 a5 23. Qb5 Qd8 24. Rfd1 Qb8 25. Qc6 Qc8 26. Rb7 Ne6 27. Qxc8 Rfxc8 28. Bxe7 Rc2 29. Kf1 Bb2 30. Rb1 Bg7 31. Rb8+ Rc8 32. Bd6 Rcxb8 33. Bxb8 a4 34. Be5 Bxe5 35. fxe5 Nc5 36. Ra1 Kf8 37. Ra3 Ke7 38. Nd4 Nd7 39. Nb5 Nxe5 40. Nc3 Nc4 41. Rxa4 Rxa4 42. Nxa4 Kd6 43. Kf2 Ke5 44. Nc3 Nd2 45. Ne2 h5 46. g3 g5 47. h4 gxh4 48. gxh4 Kf5 49. Kg3 Nf1+ 50. Kf3 Nh2+ 51. Kg3 f6 52. Kxh2 Kg4 53. Nd4 Kxh4 54. Kg2 Kg4 55. Kh2 h4 56. Kg2 Kg5 57. Kh3 Kh5 58. Nf3 1/2-1/2

[Event "Joinville op U220"]
[Site "Joinville"]
[Date "2017.02.19"]
[Round "7"]
[White "Kim, Thiago"]
[Black "Loss, Victor Pinheiro Cos"]
[Result "0-1"]
[WhiteElo "1378"]
[BlackElo "1299"]
[PlyCount "43"]
[EventDate "2017.02.17"]
[EventType "swiss"]
[EventRounds "7"]
[EventCountry "BRA"]
[SourceTitle "CBM 177 Extra"]
[Source "ChessBase"]
[SourceDate "2017.04.27"]
[SourceVersion "1"]
[SourceVersionDate "2017.04.27"]
[SourceQuality "1"]

1. e4 c5 2. Nf3 g6 3. Nc3 Bg7 4. d4 cxd4 5. Nxd4 Nc6 6. Be3 Nf6 7. f3 0-0 8. Bd3 Qb6 9. Nce2 Qd8 10. 0-0 d5 11. Nb3 dxe4 12. fxe4 Ne5 13. Rc1 Nxd3 14. cxd3 Ng4 15. Qd2 Nxe3 16. Qxe3 Bxb2 17. Rc2 Bg7 18. Rfc1 b6 19. Rc7 Ba6 20. d4 Bxe2 21. Qxe2 Bxd4+ 22. Kh1 0-1

[Event "Joinville op U220"]
[Site "Joinville"]
[Date "2017.02.18"]
[Round "3"]
[White "De Oliveira, Francemir Barra"]
[Black "Loss, Victor Pinheiro Cos"]
[Result "0-1"]
[WhiteElo "1587"]
[BlackElo "1299"]
[PlyCount "68"]
[EventDate "2017.02.17"]
[EventType "swiss"]
[EventRounds "7"]
[EventCountry "BRA"]
[SourceTitle "CBM 177 Extra"]
[Source "ChessBase"]
[SourceDate "2017.04.27"]
[SourceVersion "1"]
[SourceVersionDate "2017.04.27"]
[SourceQuality "1"]

1. e4 c5 2. Nf3 g6 3. d4 cxd4 4. Nxd4 Nc6 5. Be3 Bg7 6. Nc3 Nf6 7. Be2 0-0 8. g4 d5 9. g5 Nxe4 10. f3 Nxc3 11. bxc3 e5 12. Nb3 e4 13. Nd4 f5 14. f4 Qc7 15. h4 Nd8 16. Qd2 Ne6 17. h5 Nxg5 18. fxg5 f4 19. 0-0-0 fxe3 20. Qxe3 Qf4 21. Qxf4 Rxf4 22. hxg6 hxg6 23. Nb5 Rf2 24. Bf1 e3 25. Bd3 Bf5 26. Nc7 Rc8 27. Nxd5 Bxd3 28. cxd3 Rxc3+ 29. Nxc3 Bxc3 30. Rdf1 Rxf1+ 31. Rxf1 e2 32. Rg1 e1Q+ 33. Rxe1 Bxe1 34. Kc2 Bh4 0-1

[Event "Caioba Telecom op"]
[Site "Caioba"]
[Date "2016.08.26"]
[Round "2"]
[White "Loss, Victor Pinheiro Cos"]
[Black "Schmidt, Guilherme Machado L"]
[Result "1-0"]
[WhiteElo "1247"]
[BlackElo "1660"]
[PlyCount "95"]
[EventDate "2016.08.26"]
[EventType "swiss"]
[EventRounds "6"]
[EventCountry "BRA"]
[SourceTitle "CBM 174 Extra"]
[Source "ChessBase"]
[SourceDate "2016.10.10"]
[SourceVersion "1"]
[SourceVersionDate "2016.10.10"]
[SourceQuality "1"]

1. e4 e6 2. d4 d5 3. Nc3 dxe4 4. Nxe4 Nd7 5. Nf3 Ngf6 6. Bd3 Nxe4 7. Bxe4 Nf6 8. Bd3 c5 9. c3 Bd6 10. Bb5+ Bd7 11. Qa4 0-0 12. Bg5 Bxb5 13. Qxb5 Qd7 14. Qxd7 Nxd7 15. 0-0-0 Bc7 16. Be7 Rfe8 17. Bxc5 Nxc5 18. dxc5 Bf4+ 19. Kb1 Re7 20. Rd3 f6 21. Rhd1 Kf7 22. Rd7 Rae8 23. a4 Bc7 24. b4 e5 25. Ka2 e4 26. Nh4 g6 27. g3 a5 28. Ng2 axb4 29. cxb4 Ra8 30. Kb3 f5 31. Ne3 Be5 32. b5 Rc8 33. Kb4 Bf6 34. Rxe7+ Bxe7 35. Rd7 Rxc5 36. Rxe7+ Kxe7 37. Kxc5 Kd7 38. a5 Kc7 39. Nd5+ Kb8 40. Kb6 e3 41. fxe3 f4 42. exf4 h6 43. a6 bxa6 44. bxa6 g5 45. a7+ Kc8 46. a8Q+ Kd7 47. Qc6+ Kd8 48. Qc7+ 1-0

[Event "Curitiba Parana-ch"]
[Site "Curitiba"]
[Date "2016.01.29"]
[Round "5"]
[White "Loss, Victor Pinheiro Cos"]
[Black "Dos Santos, Rubens Fernando Nor"]
[Result "1-0"]
[WhiteElo "1143"]
[BlackElo "1193"]
[PlyCount "103"]
[EventDate "2016.01.26"]
[EventType "swiss"]
[EventRounds "8"]
[EventCountry "BRA"]
[SourceTitle "CBM 170 Extra"]
[Source "ChessBase"]
[SourceDate "2016.02.25"]
[SourceVersion "1"]
[SourceVersionDate "2016.02.25"]
[SourceQuality "1"]

1. e4 e5 2. Nf3 Nc6 3. Bc4 Nf6 4. Ng5 d5 5. exd5 Na5 6. Bb5+ c6 7. dxc6 bxc6 8. Qf3 Bd7 9. Ba4 h6 10. Ne4 Be7 11. Nxf6+ Bxf6 12. Nc3 0-0 13. d3 Re8 14. Ne4 Be7 15. 0-0 c5 16. Bxd7 Qxd7 17. Qg3 Qf5 18. h4 Nc6 19. Bxh6 Bf6 20. Nd6 Qg6 21. Qxg6 fxg6 22. Nxe8 Rxe8 23. Bg5 Nd4 24. c3 Ne2+ 25. Kh1 Nf4 26. Bxf4 Bxh4 27. Bg3 g5 28. Bxe5 g4 29. Rfe1 Rf8 30. g3 Bg5 31. Re2 Rf5 32. Rae1 Bd8 33. Kg2 Rh5 34. Bd6 Kh7 35. Rh1 g6 36. Rxh5+ gxh5 37. Re7+ Bxe7 38. Bxe7 Kg6 39. Bxc5 Kg5 40. d4 h4 41. Be7+ Kh5 42. Bxh4 a5 43. d5 a4 44. d6 a3 45. b3 Kh6 46. d7 Kh7 47. d8Q Kg7 48. Qb6 Kh8 49. Qc7 Kg8 50. Bf6 Kf8 51. Qe7+ Kg8 52. Qg7# 1-0